<?xml version="1.0" encoding="UTF-8"?>
<record
    xmlns:xsi="http://www.w3.org/2001/XMLSchema-instance"
    xsi:schemaLocation="http://www.loc.gov/MARC21/slim http://www.loc.gov/standards/marcxml/schema/MARC21slim.xsd"
    xmlns="http://www.loc.gov/MARC21/slim">

  <leader>00879nam a2200241 a 4500</leader>
  <controlfield tag="001">44067</controlfield>
  <controlfield tag="003">BD-RjUL</controlfield>
  <controlfield tag="005">20211209053808.0</controlfield>
  <controlfield tag="008">160713s1963    bg ||||| |||| 00| 0 ben d</controlfield>
  <datafield tag="035" ind1=" " ind2=" ">
    <subfield code="a">(BD-RjUL)44185</subfield>
  </datafield>
  <datafield tag="040" ind1=" " ind2=" ">
    <subfield code="a">BD-RjUL</subfield>
    <subfield code="b">ben </subfield>
    <subfield code="c">BD-RjUL</subfield>
  </datafield>
  <datafield tag="041" ind1=" " ind2=" ">
    <subfield code="a">ben </subfield>
  </datafield>
  <datafield tag="082" ind1=" " ind2=" ">
    <subfield code="2">23 </subfield>
    <subfield code="a">297 </subfield>
    <subfield code="b">ISL 1963 </subfield>
  </datafield>
  <datafield tag="245" ind1="0" ind2="0">
    <subfield code="a">&#x987;&#x99B;&#x9B2;&#x9BE;&#x9AE; &#x9B8;&#x9CB;&#x9AA;&#x9BE;&#x9A8; / </subfield>
    <subfield code="c">&#x987;&#x9AC;&#x9CD;&#x9B0;&#x9BE;&#x9B9;&#x9C0;&#x9AE; &#x996;&#x9BE;&#x981;, &#x986;&#x9B9;&#x99B;&#x9BE;&#x9A8; &#x989;&#x9B2;&#x9CD;&#x9B2;&#x9BE;&#x9B9; &#x9B8;&#x982;&#x995;&#x9B2;&#x9BF;&#x9A4; </subfield>
  </datafield>
  <datafield tag="260" ind1=" " ind2=" ">
    <subfield code="a">&#x9A2;&#x9BE;&#x995;&#x9BE; :</subfield>
    <subfield code="b">&#x9AC;&#x9BE;&#x982;&#x9B2;&#x9BE; &#x98F;&#x995;&#x9BE;&#x9A1;&#x9C7;&#x9AE;&#x9C0;, </subfield>
    <subfield code="c">&#x9E7;&#x9EF;&#x9EC;&#x9E9; </subfield>
  </datafield>
  <datafield tag="300" ind1=" " ind2=" ">
    <subfield code="a"> &#x996;&#x9A3;&#x9CD;&#x9A1; ; </subfield>
    <subfield code="c">&#x9E8;&#x9EC; &#x9B8;&#x9C7;&#x9AE;&#x9BF; . </subfield>
  </datafield>
  <datafield tag="505" ind1="0" ind2=" ">
    <subfield code="a">&#x996;&#x9A3;&#x9CD;&#x9A1; &#x9E7; -- </subfield>
  </datafield>
  <datafield tag="650" ind1=" " ind2=" ">
    <subfield code="a">&#x987;&#x9B8;&#x9B2;&#x9BE;&#x9AE; </subfield>
    <subfield code="9">135119</subfield>
  </datafield>
  <datafield tag="650" ind1=" " ind2=" ">
    <subfield code="a">Islam </subfield>
    <subfield code="9">135120</subfield>
  </datafield>
  <datafield tag="700" ind1=" " ind2=" ">
    <subfield code="a">&#x987;&#x9AC;&#x9CD;&#x9B0;&#x9BE;&#x9B9;&#x9C0;&#x9AE; &#x996;&#x9BE;&#x981;,  &#x9B8;&#x982;&#x995;&#x9B2;&#x995;  </subfield>
    <subfield code="9">135121</subfield>
  </datafield>
  <datafield tag="700" ind1=" " ind2=" ">
    <subfield code="a">&#x986;&#x9B9;&#x99B;&#x9BE;&#x9A8; &#x989;&#x9B2;&#x9CD;&#x9B2;&#x9BE;&#x9B9;, &#x9B8;&#x982;&#x995;&#x9B2;&#x995; </subfield>
    <subfield code="9">135122</subfield>
  </datafield>
  <datafield tag="942" ind1=" " ind2=" ">
    <subfield code="2">ddc</subfield>
    <subfield code="c">BK</subfield>
  </datafield>
  <datafield tag="999" ind1=" " ind2=" ">
    <subfield code="c">44067</subfield>
    <subfield code="d">44067</subfield>
  </datafield>
  <datafield tag="952" ind1=" " ind2=" ">
    <subfield code="0">0</subfield>
    <subfield code="1">0</subfield>
    <subfield code="2">ddc</subfield>
    <subfield code="4">0</subfield>
    <subfield code="7">0</subfield>
    <subfield code="8">NFIC</subfield>
    <subfield code="a">RUCL</subfield>
    <subfield code="b">RUCL</subfield>
    <subfield code="c">Stack</subfield>
    <subfield code="d">1967-02-27</subfield>
    <subfield code="e">Rajushahi : Faruk Library</subfield>
    <subfield code="g">10.00</subfield>
    <subfield code="l">0</subfield>
    <subfield code="o">B 297  ISL V-1 1963</subfield>
    <subfield code="r">2016-07-13 00:00:00</subfield>
    <subfield code="t">C-2</subfield>
    <subfield code="w">2016-07-13</subfield>
    <subfield code="y">BK</subfield>
  </datafield>
  <datafield tag="952" ind1=" " ind2=" ">
    <subfield code="0">0</subfield>
    <subfield code="1">0</subfield>
    <subfield code="2">ddc</subfield>
    <subfield code="4">0</subfield>
    <subfield code="7">0</subfield>
    <subfield code="8">NFIC</subfield>
    <subfield code="a">RUCL</subfield>
    <subfield code="b">RUCL</subfield>
    <subfield code="c">Stack</subfield>
    <subfield code="d">1966-12-27</subfield>
    <subfield code="e">N/A</subfield>
    <subfield code="g">5.00</subfield>
    <subfield code="l">0</subfield>
    <subfield code="o">B 297  ISL V-1 1963</subfield>
    <subfield code="r">2016-07-16 00:00:00</subfield>
    <subfield code="t">C-3</subfield>
    <subfield code="w">2021-12-09</subfield>
    <subfield code="y">BK</subfield>
  </datafield>
  <datafield tag="952" ind1=" " ind2=" ">
    <subfield code="0">0</subfield>
    <subfield code="1">0</subfield>
    <subfield code="2">ddc</subfield>
    <subfield code="4">0</subfield>
    <subfield code="7">0</subfield>
    <subfield code="8">NFIC</subfield>
    <subfield code="a">RUCL</subfield>
    <subfield code="b">RUCL</subfield>
    <subfield code="c">Stack</subfield>
    <subfield code="d">1967-02-27</subfield>
    <subfield code="e">Farooq Library, Rajshahi</subfield>
    <subfield code="g">10.00</subfield>
    <subfield code="l">0</subfield>
    <subfield code="o">B 297  ISL V-1 1963</subfield>
    <subfield code="r">2016-07-21 00:00:00</subfield>
    <subfield code="t">C-4</subfield>
    <subfield code="w">2021-12-09</subfield>
    <subfield code="y">BK</subfield>
  </datafield>
</record>
